Distribution du film "Le Corps de mon ennemi" - Verneuil (par image) - Statistiques

Statistiques générales
  • Ce quiz a été pris 8 fois
  • Le résultat moyen est 6 sur 16
Statistiques - réponses
Par images Hint Réponse % Correct
Jean-Baptiste Beaumont-Liégard Bernard Blier
100%
François Leclercq Jean-Paul Belmondo
100%
Gilberte Beaumont-Liégard Marie-France Pisier
83%
Le chauffeur de taxi Charles Gérard
67%
Hélène Mauve Nicole Garcia
67%
Le truand blond Bernard-Pierre Donadieu
50%
L'ancien camarade de classe de François Michel Beaune
50%
Oscar Claude Brosset
17%
Victor Verbruck Daniel Ivernel
17%
Karine Lechard Élisabeth Margoni
0%
Raphaël Di Massa François Perrot
0%
Le notaire Blome Gabriel Jabbour
0%
Le professeur Maurice Dorléac
0%
Pierre Leclercq René Lefèvre
0%
La marquise de Chanteloup Suzy Prim
0%
Madame Beaumont-Liégard Yvonne Gaudeau
0%
Aucun quiz correspondant
Distribution des résultats
% des personnes avec chaque résultat
Percentile par nombre de réponses
Votre historique - résultats
Vous n’avez pas pris ce quiz